000 00709nam a2200193Ia 4500
008 151121s9999||||xx |||||||||||||| ||und||
082 _a920/साने
082 _bHNW-114670
100 _aसाने हेमा
245 _aबुध्द परंपरा आणि बोधिवृक्ष
260 _b"ग्रथाली प्रकाशन, मुंबई।"
260 _c2013
300 _a133
600 _aसाने हेमा
630 _aबुध्द परंपरा आणि बोधिवृक्ष
700 _aसाने हेमा
730 _aबुध्द परंपरा आणि बोधिवृक्ष
942 _cBOOK
999 _c1263609
_d1263606